In the wilds of South America: six years of explorations in Colombia, Venezuela, British Guiana, Peru, Bolivia, Argentina, Paraguay, and Brazil.
שמור ב:
| מחבר ראשי: | |
|---|---|
| פורמט: | ספר |
| שפה: | אנגלית |
| יצא לאור: |
London, England, United Kingdom
T. Fisher Unwin
1919
|
| נושאים: | |
| תגים: |
הוספת תג
אין תגיות, היה/י הראשונ/ה לתייג את הרשומה!
|
MARC
| LEADER | 00000nam a2200000 a 4500 | ||
|---|---|---|---|
| 001 | UCJ5484 | ||
| 003 | CL-VaPUC | ||
| 005 | 20250227100126.0 | ||
| 008 | 070124e19190000UK |||||||||||||||||eng|d | ||
| 999 | |c 321593 |d 321591 | ||
| 040 | |c Pontificia Universidad Católica de Valparaíso | ||
| 082 | 0 | 4 | |a 910.4 MIL 1919 |2 21 |
| 100 | |a Miller, Leo E. |e autor |9 510699 | ||
| 245 | 1 | 0 | |a In the wilds of South America: six years of explorations in Colombia, Venezuela, British Guiana, Peru, Bolivia, Argentina, Paraguay, and Brazil. |
| 260 | 0 | 3 | |a London, England, United Kingdom |b T. Fisher Unwin |c 1919 |
| 300 | |a 428 páginas. | ||
| 500 | |a Mapas e ilustraciones conforme a lo señalado en índice | ||
| 583 | |a last modification |c 20180611 01:08:07 |k Rodrigo Vera | ||
| 650 | 0 | |a Viajes |9 257115 | |
| 650 | 0 | |a Expediciones científicas |9 265222 | |
| 650 | 0 | |a Arqueología |9 265619 | |
| 650 | 0 | |a Aborígenes |9 329972 | |
| 650 | 0 | |a Flora y fauna |9 338564 | |
| 650 | 0 | |a Recursos naturales |9 255232 | |
| 651 | 0 | |a América del Sur |9 260128 | |
| 942 | |c BK |2 ddc | ||
| 945 | |d 20070124 00:00:00 |a rinostro | ||
| 952 | |0 0 |1 0 |2 ddc |4 0 |6 910_400000000000000_MIL_1919 |7 0 |8 X |9 400373 |a FDOBUD |b FDOBUD |d 2019-11-22 |i 1035290 |o 910.4 MIL 1919 |p 1035290 |r 2019-11-22 |t 1 |w 2019-11-22 |y BK_X |k BUD | ||